| 000 | 00672nam a22001697a 4500 | ||
|---|---|---|---|
| 999 |
_c61594 _d61594 |
||
| 005 | 20240326163012.0 | ||
| 008 | 240326c2023 ge ||||| |||| 00| 0 geo d | ||
| 022 | _a1512-3243 | ||
| 041 | _ageo | ||
| 245 |
_aკვალი = Kvali : _b2023. საერთაშორისო სამეცნიერო ჟურნალი / _cმთავარი რედ. მ. ვახტანგაძე. |
||
| 260 |
_aთბილისი, _c1921- |
||
| 300 | _aV. | ||
| 653 | _aკვალი | ||
| 653 | _aპერიოდიკა | ||
| 700 |
_aვახტანგაძე, მ. _eმთავარი რედაქტორი _921601 |
||
| 942 |
_2udc _cCR |
||